000 00482nam a2200169 4500
001 113905
003 ES-MaACL
005 20230906190030.0
007 t|
008 061121s1910 fr r ||||1| fre d
100 1 _aNordau, Max.
_985961
245 1 3 _aLe sens del'histoire /
_cpar Max Nordau ; traduit de l'allemand par S. Jankelevitch.
260 _aParis :
_bEureux,
_c1910.
300 _a428 p. ;
_c23 cm.
700 0 _aJankélévitch, S.
_966032
852 _aES-MaACL
_jB-6891
999 _c113905
_d113905